[Event "Campeonato de España Universitario 2024"]
[Site "Zaragoza, Spain"]
[Date "2024.04.22"]
[Round "1.5"]
[White "Cesar Maestre, Bernardo"]
[Black "Reyes Lopez, Angel"]
[Result "1-0"]
[WhiteFideId "24542547"]
[BlackFideId "24552356"]
[WhiteElo "2292"]
[BlackElo "1933"]

1. e4 {[%clk 00:15:17]} {[%emt 00:00:02]} e6 {[%clk 00:15:11]} {[%emt
00:00:10]} 2. d4 {[%clk 00:15:19]} {[%emt 00:00:08]} d5 {[%clk 00:15:20]}
{[%emt 00:00:02]} 3. Nc3 {[%clk 00:14:56]} {[%emt 00:00:32]} Bb4 {[%clk
00:15:18]} {[%emt 00:00:12]} 4. e5 {[%clk 00:15:03]} {[%emt 00:00:03]} c5
{[%clk 00:15:27]} 5. a3 {[%clk 00:15:11]} {[%emt 00:00:04]} Bxc3+ {[%clk
00:15:35]} {[%emt 00:00:02]} 6. bxc3 {[%clk 00:15:18]} {[%emt 00:00:02]} Ne7
{[%clk 00:15:39]} {[%emt 00:00:06]} 7. Nf3 {[%clk 00:15:22]} {[%emt 00:00:05]}
Qc7 {[%clk 00:15:24]} {[%emt 00:00:25]} 8. a4 {[%clk 00:15:23]} {[%emt
00:00:10]} O-O {[%clk 00:14:20]} {[%emt 00:01:14]} 9. Bd3 {[%clk 00:15:02]}
{[%emt 00:00:29]} f5 {[%clk 00:13:58]} {[%emt 00:00:33]} 10. O-O {[%clk
00:13:14]} {[%emt 00:01:58]} h6 {[%clk 00:13:10]} {[%emt 00:00:59]} 11. dxc5
{[%clk 00:12:31]} {[%emt 00:00:53]} Na6 {[%clk 00:12:35]} {[%emt 00:00:45]} 12.
Bxa6 {[%clk 00:09:05]} {[%emt 00:03:36]} bxa6 {[%clk 00:12:44]} {[%emt
00:00:01]} 13. Be3 {[%clk 00:09:11]} {[%emt 00:00:03]} g5 {[%clk 00:11:11]}
{[%emt 00:01:43]} 14. Bd4 {[%clk 00:09:03]} {[%emt 00:00:18]} Ng6 {[%clk
00:10:57]} {[%emt 00:00:25]} 15. Re1 {[%clk 00:09:04]} {[%emt 00:00:09]} Bd7
{[%clk 00:10:41]} {[%emt 00:00:26]} 16. Nd2 {[%clk 00:08:49]} {[%emt 00:00:25]}
Bc6 {[%clk 00:09:23]} {[%emt 00:01:28]} 17. Qe2 {[%clk 00:08:44]} {[%emt
00:00:14]} a5 {[%clk 00:08:41]} {[%emt 00:00:53]} 18. Qa6 {[%clk 00:08:16]}
{[%emt 00:00:37]} f4 {[%clk 00:07:15]} {[%emt 00:01:36]} 19. Nb3 {[%clk
00:07:41]} {[%emt 00:00:45]} f3 {[%clk 00:04:32]} {[%emt 00:02:53]} 20. g3
{[%clk 00:07:41]} {[%emt 00:00:10]} Rae8 {[%clk 00:01:57]} {[%emt 00:02:46]} 21.
Nxa5 {[%clk 00:07:43]} {[%emt 00:00:08]} Ba8 {[%clk 00:01:57]} {[%emt
00:00:10]} 22. Rab1 {[%clk 00:06:31]} {[%emt 00:01:22]} Nf4 {[%clk 00:01:08]}
{[%emt 00:01:00]} 23. gxf4 {[%clk 00:05:59]} {[%emt 00:00:42]} Rxf4 {[%clk
00:01:17]} 24. Re3 {[%clk 00:02:44]} {[%emt 00:03:26]} Qf7 {[%clk 00:01:22]}
{[%emt 00:00:04]} 25. Kf1 {[%clk 00:02:14]} {[%emt 00:00:40]} Qh5 {[%clk
00:01:06]} {[%emt 00:00:27]} 26. Ke1 {[%clk 00:02:23]} {[%emt 00:00:01]} Qxh2
{[%clk 00:01:03]} {[%emt 00:00:13]} 27. Qf1 {[%clk 00:01:54]} {[%emt 00:00:39]}
g4 {[%clk 00:00:38]} {[%emt 00:00:36]} 28. Kd2 {[%clk 00:01:36]} {[%emt
00:00:27]} g3 {[%clk 00:00:47]} {[%emt 00:00:01]} 29. Qg1 {[%clk 00:01:46]}
Qxg1 {[%clk 00:00:48]} {[%emt 00:00:10]} 30. Rxg1 {[%clk 00:01:54]} {[%emt
00:00:02]} g2 {[%clk 00:00:57]} 31. Nb3 {[%clk 00:01:27]} {[%emt 00:00:38]} Bc6
{[%clk 00:00:44]} {[%emt 00:00:23]} 32. Nc1 {[%clk 00:01:35]} {[%emt 00:00:02]}
Bxa4 {[%clk 00:00:34]} {[%emt 00:00:20]} 33. Nd3 {[%clk 00:01:43]} Rf5 {[%clk
00:00:44]} 34. Ne1 {[%clk 00:01:10]} {[%emt 00:00:44]} Ref8 {[%clk 00:00:52]}
{[%emt 00:00:02]} 35. Nxf3 {[%clk 00:01:06]} {[%emt 00:00:13]} Rxf3 {[%clk
00:00:59]} {[%emt 00:00:03]} 36. Rxg2+ {[%clk 00:01:16]} {[%emt 00:00:01]} Kh7
{[%clk 00:01:06]} {[%emt 00:00:03]} 37. Re1 {[%clk 00:01:19]} {[%emt 00:00:06]}
Rg8 {[%clk 00:00:29]} {[%emt 00:00:47]} 38. Rxg8 {[%clk 00:01:09]} {[%emt
00:00:20]} Kxg8 {[%clk 00:00:38]} 39. Ra1 {[%clk 00:01:18]} Bb5 {[%clk
00:00:32]} {[%emt 00:00:17]} 40. Rxa7 {[%clk 00:01:24]} {[%emt 00:00:04]} h5
{[%clk 00:00:38]} {[%emt 00:00:03]} 41. Rb7 {[%clk 00:01:09]} {[%emt 00:00:26]}
Ba4 {[%clk 00:00:12]} {[%emt 00:00:35]} 42. Rb6 {[%clk 00:00:37]} {[%emt
00:00:42]} Kf7 {[%clk 00:00:12]} {[%emt 00:00:10]} 43. c6 {[%clk 00:00:45]}
{[%emt 00:00:02]} Bxc6 {[%clk 00:00:14]} {[%emt 00:00:08]} 44. Rxc6 {[%clk
00:00:54]} {[%emt 00:00:01]} h4 {[%clk 00:00:23]} {[%emt 00:00:01]} 45. Ra6
{[%clk 00:00:51]} {[%emt 00:00:12]} h3 {[%clk 00:00:25]} {[%emt 00:00:08]} 46.
Ra1 {[%clk 00:00:49]} {[%emt 00:00:12]} Kg6 {[%clk 00:00:24]} {[%emt 00:00:11]}
47. Ke2 {[%clk 00:00:55]} {[%emt 00:00:04]} Rf4 {[%clk 00:00:30]} {[%emt
00:00:04]} 48. Rh1 {[%clk 00:01:03]} {[%emt 00:00:02]} Rg4 {[%clk 00:00:13]}
{[%emt 00:00:28]} 49. Rxh3 {[%clk 00:01:10]} {[%emt 00:00:03]} Re4+ {[%clk
00:00:18]} {[%emt 00:00:05]} 50. Re3 {[%clk 00:01:17]} {[%emt 00:00:03]} Rh4
{[%clk 00:00:26]} {[%emt 00:00:02]} 51. Rf3 {[%clk 00:01:25]} {[%emt 00:00:02]}
Rh1 {[%clk 00:00:25]} {[%emt 00:00:11]} 52. Rf6+ {[%clk 00:01:34]} {[%emt
00:00:02]} Kg5 {[%clk 00:00:31]} {[%emt 00:00:04]} 53. Rxe6 {[%clk 00:01:42]}
{[%emt 00:00:02]} Rc1 {[%clk 00:00:31]} {[%emt 00:00:10]} 54. Be3+ {[%clk
00:01:48]} {[%emt 00:00:04]} 1-0

[ePGN "0.1;DGT LiveChess/2.2.6"]

[Event "Campeonato de España Universitario 2024"]
[Site "Zaragoza, Spain"]
[Date "2024.04.22"]
[Round "2.1"]
[White "Roldan Marques, Daniel"]
[Black "Quispe Arteaga, Gabriel"]
[Result "1/2-1/2"]
[WhiteFideId "32063318"]
[BlackFideId "32059809"]
[WhiteElo "2057"]
[BlackElo "2398"]

1. d4 {[%clk 00:15:19]} {[%emt 00:20:21]} Nf6 {[%clk 00:15:18]} 2. c4 {[%clk
00:15:27]} e6 {[%clk 00:15:26]} 3. Nf3 {[%clk 00:15:34]} b6 {[%clk 00:15:34]} 4.
e3 {[%clk 00:15:42]} Bb7 {[%clk 00:15:42]} 5. Bd3 {[%clk 00:15:49]} g6 {[%clk
00:15:50]} 6. O-O {[%clk 00:15:44]} Bg7 {[%clk 00:15:58]} 7. Nc3 {[%clk
00:15:40]} O-O {[%clk 00:15:29]} 8. Qe2 {[%clk 00:15:02]} c5 {[%clk 00:15:03]}
9. b3 {[%clk 00:14:49]} Nc6 {[%clk 00:15:09]} 10. Bb2 {[%clk 00:14:55]} d6
{[%clk 00:14:12]} 11. Rad1 {[%clk 00:14:38]} Qe7 {[%clk 00:14:20]} 12. Ne4
{[%clk 00:13:31]} {[%emt 00:00:28]} Nb4 {[%clk 00:09:55]} {[%emt 00:04:35]} 13.
Nxf6+ {[%clk 00:13:38]} {[%emt 00:00:02]} Bxf6 {[%clk 00:10:03]} {[%emt
00:00:02]} 14. e4 {[%clk 00:10:57]} {[%emt 00:02:51]} Nxd3 {[%clk 00:08:47]}
{[%emt 00:01:26]} 15. Rxd3 {[%clk 00:11:00]} {[%emt 00:00:06]} Bc6 {[%clk
00:07:48]} {[%emt 00:01:09]} 16. e5 {[%clk 00:07:44]} {[%emt 00:03:26]} dxe5
{[%clk 00:07:56]} {[%emt 00:00:02]} 17. dxe5 {[%clk 00:07:53]} Bg7 {[%clk
00:08:05]} {[%emt 00:00:02]} 18. Rd6 {[%clk 00:07:46]} {[%emt 00:00:17]} Qb7
{[%clk 00:08:14]} {[%emt 00:00:01]} 19. Rfd1 {[%clk 00:07:27]} {[%emt
00:00:28]} Rac8 {[%clk 00:07:29]} {[%emt 00:00:55]} 20. Ne1 {[%clk 00:04:59]}
{[%emt 00:02:39]} Rfe8 {[%clk 00:07:04]} {[%emt 00:00:36]} 21. Bc1 {[%clk
00:04:08]} {[%emt 00:01:00]} Bf8 {[%clk 00:06:55]} {[%emt 00:00:19]} 22. R6d3
{[%clk 00:04:16]} {[%emt 00:00:02]} Be7 {[%clk 00:06:51]} {[%emt 00:00:14]} 23.
Bh6 {[%clk 00:03:53]} {[%emt 00:00:33]} Rcd8 {[%clk 00:06:56]} {[%emt
00:00:06]} 24. Rxd8 {[%clk 00:03:31]} {[%emt 00:00:31]} Rxd8 {[%clk 00:07:05]}
{[%emt 00:00:01]} 25. Rxd8+ {[%clk 00:03:38]} {[%emt 00:00:03]} Bxd8 {[%clk
00:07:14]} {[%emt 00:00:01]} 26. Qd2 {[%clk 00:03:44]} {[%emt 00:00:03]} Qd7
{[%clk 00:07:22]} {[%emt 00:00:02]} 27. Qxd7 {[%clk 00:03:12]} {[%emt
00:00:43]} Bxd7 {[%clk 00:07:31]} {[%emt 00:00:01]} 28. Nf3 {[%clk 00:03:21]}
Bc6 {[%clk 00:07:13]} {[%emt 00:00:27]} 29. Bg5 {[%clk 00:02:50]} {[%emt
00:00:42]} Bxg5 {[%clk 00:07:21]} {[%emt 00:00:02]} 30. Nxg5 {[%clk 00:02:59]}
h6 {[%clk 00:07:30]} {[%emt 00:00:02]} 31. Nh3 {[%clk 00:03:01]} {[%emt
00:00:08]} Be4 {[%clk 00:07:33]} {[%emt 00:00:07]} 32. Nf4 {[%clk 00:02:03]}
{[%emt 00:01:07]} Bb1 {[%emt 00:00:01]} 33. Ne2 Bxa2 {[%emt 00:00:02]} 34. Nc1
Bb1 {[%clk 00:07:59]} 35. f3 {[%clk 00:02:31]} g5 {[%clk 00:06:46]} {[%emt
00:01:23]} 36. Kf2 {[%clk 00:02:28]} {[%emt 00:00:14]} Kg7 {[%clk 00:06:55]}
{[%emt 00:00:01]} 37. Ke3 {[%clk 00:02:31]} {[%emt 00:00:07]} Kg6 {[%clk
00:06:30]} {[%emt 00:00:35]} 38. g4 {[%clk 00:02:31]} {[%emt 00:00:10]} h5
{[%clk 00:06:29]} {[%emt 00:00:11]} 39. h3 {[%clk 00:01:32]} {[%emt 00:05:20]}
hxg4 {[%clk 00:06:06]} 40. hxg4 {[%clk 00:01:37]} f6 {[%clk 00:06:09]} 41. exf6
Kxf6 {[%clk 00:06:17]} 42. Kd2 {[%clk 00:01:12]} Ke5 {[%clk 00:06:22]} 43. Ne2
{[%clk 00:01:21]} Bg6 {[%clk 00:06:16]} 44. Ke3 {[%clk 00:01:00]} Bc2 {[%clk
00:06:23]} 45. Nc1 {[%clk 00:01:10]} a6 {[%clk 00:03:28]} {[%emt 00:01:23]} 46.
Kd2 {[%clk 00:01:19]} Bg6 {[%clk 00:03:37]} {[%emt 00:00:02]} 47. Ke3 {[%clk
00:01:26]} {[%emt 00:00:03]} Bh7 {[%clk 00:03:41]} {[%emt 00:00:05]} 48. Ne2
{[%clk 00:01:32]} {[%emt 00:00:04]} Bc2 {[%clk 00:03:33]} {[%emt 00:00:19]} 49.
Nc1 {[%clk 00:01:41]} {[%emt 00:00:01]} b5 {[%clk 00:02:18]} {[%emt 00:01:24]}
50. cxb5 {[%clk 00:01:50]} {[%emt 00:00:01]} axb5 {[%clk 00:02:27]} {[%emt
00:00:01]} 51. Kd2 {[%clk 00:01:51]} {[%emt 00:00:09]} Bg6 {[%clk 00:02:13]}
{[%emt 00:00:24]} 52. Ne2 {[%clk 00:00:41]} {[%emt 00:01:20]} Bh7 {[%clk
00:02:03]} {[%emt 00:00:20]} 53. Kc3 {[%clk 00:00:26]} {[%emt 00:00:25]} Bb1
{[%clk 00:01:39]} {[%emt 00:00:34]} 54. Kd2 {[%clk 00:00:12]} {[%emt 00:00:24]}
Bg6 {[%clk 00:01:48]} {[%emt 00:00:01]} 55. Kc3 {[%clk 00:00:20]} {[%emt
00:00:02]} Be8 {[%clk 00:01:56]} {[%emt 00:00:01]} 56. b4 {[%clk 00:00:18]}
{[%emt 00:00:13]} cxb4+ {[%clk 00:01:57]} {[%emt 00:00:09]} 57. Kxb4 {[%clk
00:00:27]} Bc6 {[%clk 00:02:06]} 58. Ng1 {[%clk 00:00:11]} {[%emt 00:00:25]}
Bxf3 {[%clk 00:00:21]} {[%emt 00:01:55]} 59. Nxf3+ {[%clk 00:00:18]} {[%emt
00:00:03]} Kf4 {[%clk 00:00:31]} 60. Ne1 {[%clk 00:00:19]} {[%emt 00:00:09]}
Kxg4 {[%emt 00:00:12]} 61. Kxb5 Kg3 {[%clk 00:00:29]} {[%emt 00:00:09]} 62. Kc5
{[%clk 00:00:19]} {[%emt 00:00:20]} Kf2 {[%clk 00:00:20]} {[%emt 00:00:18]} 63.
Nd3+ {[%clk 00:00:29]} Ke3 {[%emt 00:00:01]} 64. Ne5 {[%clk 00:00:38]} Ke4
{[%clk 00:00:34]} {[%emt 00:00:06]} 65. Kd6 {[%clk 00:00:47]} {[%emt 00:00:01]}
Kf5 {[%clk 00:00:42]} {[%emt 00:00:01]} 66. Nc4 {[%clk 00:00:52]} {[%emt
00:00:05]} Kf4 {[%clk 00:00:45]} {[%emt 00:00:07]} 67. Ne5 {[%clk 00:00:57]}
{[%emt 00:00:05]} Ke4 {[%clk 00:00:14]} {[%emt 00:00:41]} 68. Kxe6 {[%emt
00:00:03]} 1/2-1/2

[Event "Campeonato de España Universitario 2024"]
[Site "Zaragoza, Spain"]
[Date "2024.04.22"]
[Round "2.2"]
[White "Lianes Garcia, Marcos"]
[Black "Gomez Sanjuan, Hector Fernando"]
[Result "1-0"]
[WhiteFideId "32060777"]
[BlackFideId "22274960"]
[WhiteElo "2388"]
[BlackElo "2038"]

1. e4 {[%clk 00:15:14]} c5 {[%clk 00:15:19]} 2. g3 {[%clk 00:15:23]} Nc6 {[%clk
00:15:25]} 3. Bg2 {[%clk 00:15:32]} g6 {[%clk 00:15:33]} 4. Ne2 {[%clk
00:15:41]} Bg7 {[%clk 00:15:42]} 5. c3 {[%clk 00:15:50]} e5 {[%clk 00:15:51]} 6.
d3 {[%clk 00:15:59]} Nge7 {[%clk 00:15:54]} 7. Be3 {[%clk 00:16:08]} d6 {[%clk
00:16:00]} 8. O-O {[%clk 00:16:11]} O-O {[%clk 00:15:53]} 9. d4 {[%clk
00:16:20]} cxd4 10. cxd4 {[%clk 00:16:29]} d5 {[%clk 00:15:08]} 11. Nbc3 {[%clk
00:16:13]} exd4 12. Nxd4 {[%clk 00:16:21]} dxe4 {[%clk 00:13:51]} 13. Nxc6 Nxc6
{[%clk 00:13:46]} 14. Nxe4 {[%clk 00:16:16]} Qxd1 {[%clk 00:08:53]} {[%emt
00:04:05]} 15. Rfxd1 {[%clk 00:15:51]} {[%emt 00:00:34]} Bg4 {[%clk 00:09:02]}
{[%emt 00:00:02]} 16. f3 {[%clk 00:15:32]} {[%emt 00:00:29]} Bf5 {[%clk
00:08:49]} {[%emt 00:00:23]} 17. Nd6 {[%clk 00:14:12]} {[%emt 00:01:30]} Be6
{[%clk 00:05:08]} {[%emt 00:03:51]} 18. Rd2 {[%clk 00:13:28]} {[%emt 00:00:54]}
Rad8 {[%clk 00:04:02]} {[%emt 00:01:16]} 19. f4 {[%clk 00:11:22]} {[%emt
00:02:16]} Rd7 {[%clk 00:03:56]} {[%emt 00:00:15]} 20. Nxb7 {[%clk 00:09:39]}
{[%emt 00:01:53]} Rxb7 {[%clk 00:02:06]} {[%emt 00:02:01]} 21. Bxc6 {[%clk
00:09:45]} {[%emt 00:00:04]} Rxb2 {[%clk 00:02:15]} {[%emt 00:00:01]} 22. Rxb2
{[%clk 00:09:30]} {[%emt 00:00:25]} Bxb2 {[%clk 00:02:24]} {[%emt 00:00:01]} 23.
Rb1 {[%clk 00:09:39]} Bc3 {[%clk 00:02:15]} {[%emt 00:00:19]} 24. a4 {[%clk
00:09:27]} {[%emt 00:00:22]} Rc8 {[%clk 00:02:17]} {[%emt 00:00:08]} 25. Bb5
{[%clk 00:06:39]} {[%emt 00:02:58]} a5 {[%clk 00:02:07]} {[%emt 00:00:20]} 26.
Rd1 {[%clk 00:06:20]} {[%emt 00:00:28]} Kf8 {[%clk 00:01:52]} {[%emt 00:00:25]}
27. Kg2 {[%clk 00:05:46]} {[%emt 00:00:44]} Ke7 {[%clk 00:01:58]} {[%emt
00:00:04]} 28. Ba6 {[%clk 00:03:40]} {[%emt 00:02:16]} Rc6 {[%clk 00:01:42]}
{[%emt 00:00:25]} 29. Bb5 {[%clk 00:03:28]} {[%emt 00:00:22]} Rc8 {[%clk
00:01:52]} 30. h3 {[%clk 00:02:30]} {[%emt 00:04:33]} h5 {[%clk 00:01:48]} 31.
h4 {[%clk 00:00:59]} Bb4 {[%clk 00:01:34]} 32. Bb6 {[%clk 00:00:52]} Rc2+
{[%clk 00:01:25]} 33. Kh1 {[%clk 00:01:01]} Rd2 {[%clk 00:01:27]} 34. Bc5+
{[%clk 00:00:48]} Kf6 {[%clk 00:00:57]} {[%emt 00:00:40]} 35. Rxd2 {[%clk
00:00:50]} {[%emt 00:00:08]} Bxd2 {[%clk 00:01:06]} 36. Kg2 {[%clk 00:01:00]}
Bd5+ {[%clk 00:00:35]} {[%emt 00:00:41]} 37. Kf2 {[%clk 00:01:06]} {[%emt
00:00:04]} Kf5 {[%clk 00:00:40]} {[%emt 00:00:05]} 38. Be2 {[%clk 00:00:52]}
{[%emt 00:00:24]} Bc6 {[%clk 00:00:35]} {[%emt 00:00:15]} 39. Bd1 {[%clk
00:00:59]} {[%emt 00:00:03]} Ke4 {[%clk 00:00:36]} {[%emt 00:00:09]} 40. Bf3+
{[%clk 00:01:06]} {[%emt 00:00:03]} Kd5 {[%emt 00:00:06]} 1-0

[Event "Campeonato de España Universitario 2024"]
[Site "Zaragoza, Spain"]
[Date "2024.04.22"]
[Round "2.3"]
[White "Llano Gomez, Jose Pablo"]
[Black "Lopez Mulet, Inigo"]
[Result "0-1"]
[WhiteFideId "54538076"]
[BlackFideId "22235620"]
[WhiteElo "2040"]
[BlackElo "2335"]

1. e4 {[%clk 00:15:16]} {[%emt 00:26:19]} g6 {[%clk 00:15:18]} 2. Nf3 {[%clk
00:14:51]} Bg7 {[%clk 00:15:27]} 3. d4 {[%clk 00:14:34]} d6 {[%clk 00:15:35]} 4.
Be2 {[%clk 00:14:38]} a6 {[%clk 00:14:53]} 5. h3 {[%clk 00:14:23]} Nf6 {[%clk
00:14:13]} 6. Nbd2 {[%clk 00:14:25]} O-O {[%clk 00:14:10]} 7. O-O {[%clk
00:14:25]} c5 {[%clk 00:13:57]} 8. c3 {[%clk 00:13:51]} Nc6 {[%clk 00:12:08]}
{[%emt 00:01:13]} 9. a4 {[%clk 00:11:42]} {[%emt 00:02:19]} cxd4 {[%clk
00:11:39]} {[%emt 00:00:39]} 10. cxd4 {[%clk 00:11:43]} {[%emt 00:00:08]} d5
{[%clk 00:11:46]} {[%emt 00:00:03]} 11. e5 {[%clk 00:11:14]} {[%emt 00:00:40]}
Ne4 {[%clk 00:11:54]} {[%emt 00:00:02]} 12. Nb1 {[%clk 00:10:18]} {[%emt
00:01:06]} f6 {[%clk 00:09:16]} {[%emt 00:02:48]} 13. exf6 {[%clk 00:08:42]}
{[%emt 00:01:46]} Bxf6 {[%clk 00:09:25]} {[%emt 00:00:01]} 14. Nc3 {[%clk
00:08:13]} {[%emt 00:00:39]} Be6 {[%clk 00:06:32]} {[%emt 00:03:03]} 15. Bh6
{[%clk 00:08:21]} {[%emt 00:00:02]} Re8 {[%clk 00:05:52]} {[%emt 00:00:50]} 16.
Ra3 {[%clk 00:02:32]} {[%emt 00:05:59]} Qd6 {[%clk 00:05:39]} {[%emt 00:00:23]}
17. Be3 {[%clk 00:02:13]} {[%emt 00:00:29]} Rac8 {[%clk 00:05:39]} {[%emt
00:00:10]} 18. Ne1 {[%clk 00:00:33]} {[%emt 00:01:50]} Nxc3 {[%clk 00:04:32]}
{[%emt 00:01:16]} 19. Rxc3 {[%clk 00:00:42]} {[%emt 00:00:02]} Na5 {[%clk
00:04:41]} {[%emt 00:00:02]} 20. Rxc8 {[%clk 00:00:16]} {[%emt 00:00:35]} Rxc8
{[%clk 00:04:49]} {[%emt 00:00:02]} 21. Nd3 {[%clk 00:00:25]} {[%emt 00:00:01]}
Nc4 {[%clk 00:03:51]} {[%emt 00:01:08]} 22. Nc5 {[%clk 00:00:16]} {[%emt
00:00:19]} Nxe3 23. fxe3 {[%clk 00:00:25]} Bxh3 {[%clk 00:01:21]} 24. Bg4
{[%clk 00:00:15]} Bxg4 25. Qxg4 {[%clk 00:00:24]} Rc6 {[%clk 00:01:38]} 26. a5
{[%clk 00:00:31]} Qc7 {[%clk 00:00:22]} 27. b4 {[%clk 00:00:39]} Qc8 {[%clk
00:00:28]} 28. Qf3 {[%clk 00:00:48]} Rd6 {[%clk 00:00:35]} 29. Qf4 {[%clk
00:00:29]} b6 {[%clk 00:00:29]} 30. axb6 {[%clk 00:00:13]} {[%emt 00:00:11]}
Rxb6 {[%clk 00:00:38]} 31. Rb1 {[%clk 00:00:22]} Qf5 {[%clk 00:00:23]} {[%emt
00:00:26]} 0-1

[Event "Campeonato de España Universitario 2024"]
[Site "Zaragoza, Spain"]
[Date "2024.04.22"]
[Round "2.4"]
[White "Quintin Navarro, Alberto"]
[Black "Fernandez Estremera, Fernando"]
[Result "1-0"]
[WhiteFideId "2292688"]
[BlackFideId "24520152"]
[WhiteElo "2310"]
[BlackElo "2024"]

1. d4 {[%clk 00:15:17]} d5 {[%clk 00:15:16]} 2. c4 dxc4 {[%clk 00:15:20]} 3. e4
{[%clk 00:15:24]} e5 {[%clk 00:14:11]} 4. Nf3 {[%clk 00:15:13]} exd4 {[%clk
00:14:16]} 5. Bxc4 {[%clk 00:15:18]} Nc6 {[%clk 00:11:58]} 6. O-O {[%clk
00:15:26]} Be6 {[%clk 00:11:30]} 7. Bxe6 fxe6 {[%clk 00:11:38]} 8. Qb3 {[%clk
00:15:42]} Qd7 {[%clk 00:10:43]} {[%emt 00:00:44]} 9. Qxb7 {[%clk 00:15:50]}
{[%emt 00:00:02]} Rb8 {[%clk 00:10:48]} {[%emt 00:00:05]} 10. Qa6 {[%clk
00:15:57]} {[%emt 00:00:03]} e5 {[%clk 00:08:45]} {[%emt 00:02:13]} 11. Nbd2
{[%clk 00:15:26]} {[%emt 00:00:39]} Nf6 {[%clk 00:08:46]} {[%emt 00:00:09]} 12.
a3 {[%clk 00:15:06]} {[%emt 00:00:31]} Bd6 {[%clk 00:08:24]} {[%emt 00:00:32]}
13. Qc4 {[%clk 00:12:50]} {[%emt 00:02:26]} Na5 {[%clk 00:08:23]} {[%emt
00:00:11]} 14. Qd3 {[%clk 00:12:56]} {[%emt 00:00:04]} Qb5 {[%clk 00:06:24]}
{[%emt 00:02:09]} 15. Qc2 {[%clk 00:11:40]} {[%emt 00:01:25]} Nb3 {[%clk
00:03:09]} {[%emt 00:03:25]} 16. Nxb3 {[%clk 00:11:45]} {[%emt 00:00:05]} Qxb3
{[%clk 00:03:18]} {[%emt 00:00:01]} 17. Qc6+ {[%clk 00:11:53]} {[%emt
00:00:01]} Ke7 {[%clk 00:02:00]} {[%emt 00:01:28]} 18. Bg5 {[%clk 00:07:18]}
{[%emt 00:04:45]} Rb6 {[%clk 00:02:07]} {[%emt 00:00:03]} 19. Qc1 {[%clk
00:07:03]} {[%emt 00:00:24]} Qxb2 {[%clk 00:01:31]} {[%emt 00:00:47]} 20. Bxf6+
{[%clk 00:07:12]} {[%emt 00:00:02]} gxf6 {[%clk 00:01:37]} {[%emt 00:00:04]} 21.
Qh6 {[%clk 00:07:19]} {[%emt 00:00:02]} Rf8 {[%clk 00:00:28]} {[%emt 00:01:19]}
22. Qxh7+ {[%clk 00:07:20]} {[%emt 00:00:09]} Rf7 {[%clk 00:00:37]} 23. Qh5
{[%clk 00:07:24]} {[%emt 00:00:05]} Qc2 {[%clk 00:00:35]} {[%emt 00:00:13]} 24.
Nh4 {[%clk 00:06:14]} {[%emt 00:01:20]} Qxe4 {[%clk 00:00:18]} {[%emt
00:00:28]} 25. Ng6+ {[%clk 00:04:16]} {[%emt 00:02:08]} Ke6 {[%clk 00:00:21]}
{[%emt 00:00:07]} 26. Nh8 {[%clk 00:03:07]} {[%emt 00:05:16]} Re7 {[%clk
00:00:15]} 27. Ng6 {[%clk 00:01:59]} Rg7 {[%clk 00:00:24]} 28. Nh4 {[%clk
00:02:03]} Rb8 {[%clk 00:00:14]} 29. f4 {[%clk 00:01:58]} Rh7 {[%clk 00:00:13]}
30. f5+ {[%clk 00:02:05]} Kd5 {[%clk 00:00:14]} 31. Qxh7 {[%clk 00:02:11]} Rb2
{[%clk 00:00:21]} 32. Qg8+ {[%clk 00:01:26]} Kc5 {[%clk 00:00:29]} 33. Rac1+
{[%clk 00:01:31]} Rc2 {[%clk 00:00:36]} 34. Qb3 {[%clk 00:01:07]} {[%emt
00:00:28]} d3 {[%clk 00:00:28]} {[%emt 00:00:18]} 35. Rxc2+ {[%clk 00:01:03]}
{[%emt 00:00:14]} dxc2 {[%clk 00:00:37]} 36. Rc1 {[%clk 00:01:03]} {[%emt
00:00:09]} Qd4+ {[%clk 00:00:12]} {[%emt 00:00:37]} 37. Kh1 {[%emt 00:00:52]}
Kd5 {[%emt 00:00:32]} 1-0